Drei Kleinigkeiten zum hethitischen Recht
| Main Author: | |
|---|---|
| Format: | Electronic Article |
| Language: | German |
| Check availability: | HBZ Gateway |
| Interlibrary Loan: | Interlibrary Loan for the Fachinformationsdienste (Specialized Information Services in Germany) |
| Published: |
1994
|
| In: |
Altorientalische Forschungen
Year: 1994, Volume: 21, Issue: 1, Pages: 65-72 |
| Online Access: |
Volltext (lizenzpflichtig) Volltext (lizenzpflichtig) |
MARC
| LEADER | 00000caa a22000002c 4500 | ||
|---|---|---|---|
| 001 | 180146975X | ||
| 003 | DE-627 | ||
| 005 | 20250530004432.0 | ||
| 007 | cr uuu---uuuuu | ||
| 008 | 220512s1994 xx |||||o 00| ||ger c | ||
| 024 | 7 | |a 10.1524/aofo.1994.21.1.65 |2 doi | |
| 035 | |a (DE-627)180146975X | ||
| 035 | |a (DE-599)KXP180146975X | ||
| 040 | |a DE-627 |b ger |c DE-627 |e rda | ||
| 041 | |a ger | ||
| 084 | |a 1 |2 ssgn | ||
| 100 | 1 | |8 1\p |e VerfasserIn |0 (DE-588)124612415 |0 (DE-627)363444645 |0 (DE-576)161253865 |4 aut |a Haase, Richard |d 1921-2013 | |
| 109 | |a Haase, Richard 1921-2013 | ||
| 245 | 1 | 0 | |a Drei Kleinigkeiten zum hethitischen Recht |
| 264 | 1 | |c 1994 | |
| 336 | |a Text |b txt |2 rdacontent | ||
| 337 | |a Computermedien |b c |2 rdamedia | ||
| 338 | |a Online-Ressource |b cr |2 rdacarrier | ||
| 773 | 0 | 8 | |i Enthalten in |t Altorientalische Forschungen |d Berlin : De Gruyter, 1974 |g 21(1994), 1, Seite 65-72 |h Online-Ressource |w (DE-627)566014262 |w (DE-600)2425759-X |w (DE-576)283407646 |x 2196-6761 |7 nnas |
| 773 | 1 | 8 | |g volume:21 |g year:1994 |g number:1 |g pages:65-72 |
| 856 | 4 | 0 | |u https://doi.org/10.1524/aofo.1994.21.1.65 |x Resolving-System |z lizenzpflichtig |3 Volltext |7 1 |
| 856 | 4 | 0 | |u https://www.degruyterbrill.com/document/doi/10.1524/aofo.1994.21.1.65/html |x Verlag |z lizenzpflichtig |3 Volltext |7 1 |
| 883 | |8 1\p |a cgwrk |d 20241001 |q DE-101 |u https://d-nb.info/provenance/plan#cgwrk | ||
| 935 | |a mteo | ||
| 951 | |a AR | ||
| ELC | |a 1 | ||
| ITA | |a 1 |t 1 | ||
| LOK | |0 000 xxxxxcx a22 zn 4500 | ||
| LOK | |0 001 4132772195 | ||
| LOK | |0 003 DE-627 | ||
| LOK | |0 004 180146975X | ||
| LOK | |0 005 20220512052759 | ||
| LOK | |0 008 220512||||||||||||||||ger||||||| | ||
| LOK | |0 035 |a (DE-Tue135)IxTheo#2022-04-19#06630D44C0C1E913150E5706490376B1297591B7 | ||
| LOK | |0 040 |a DE-Tue135 |c DE-627 |d DE-Tue135 | ||
| LOK | |0 092 |o n | ||
| LOK | |0 852 |a DE-Tue135 | ||
| LOK | |0 852 1 |9 00 | ||
| LOK | |0 935 |a ixzs |a ixrk |a zota | ||
| LOK | |0 939 |a 12-05-22 |b l01 | ||
| ORI | |a SA-MARC-ixtheoa001.raw | ||